Social Problems in a Diverse Society : (Record no. 618351)

MARC details
000 -LEADER
fixed length control field 00493nam a2200181 a 4500
008 - FIXED-LENGTH DATA ELEMENTS--GENERAL INFORMATION
fixed length control field 260330s2010##################000#0#eng##
020 ## - INTERNATIONAL STANDARD BOOK NUMBER
ISBN 9780205610365
082 04 - DEWEY DECIMAL CLASSIFICATION NUMBER
Classification number 361.1
Item number KEN
100 1# - MAIN ENTRY--AUTHOR NAME
Personal name Kendall, Diana Elizabeth,
245 10 - TITLE STATEMENT
Title Social Problems in a Diverse Society :
260 ## - PUBLICATION, DISTRIBUTION, ETC. (IMPRINT)
Name of publisher Prentice Hall,
Year of publication 2010.
650 #0 - SUBJECT ADDED ENTRY--TOPICAL TERM
Topical Term Social problems.
942 ## - ADDED ENTRY ELEMENTS (KOHA)
Koha item type English Books
Holdings
Withdrawn status Lost status Damaged status Not for loan Home library Current library Shelving location Date acquired Full call number Accession Number Price effective from Koha item type
        Anna Centenary Library Anna Centenary Library 4TH FLOOR, A WING 30.03.2026 361.1 KEN 315125 30.03.2026 English Books

Find us on the map